[Event "OLNN 2223 SV Bad Schwartau - Hamburger"]
[Site "?"]
[Date "2022.11.27"]
[Round "2.4"]
[White "Toenniges, Thomas"]
[Black "Pulkkinen, Kari"]
[Result "1/2-1/2"]
[WhiteElo "2061"]
[BlackElo "2190"]
[PlyCount "41"]
[EventDate "2022.??.??"]

1. e4 c5 2. Nf3 a6 3. c4 e6 4. Nc3 Qc7 5. Be2 Nc6 6. d4 cxd4 7. Nxd4 Nf6 8. O-O Bb4 9. Nxc6 dxc6 10. f3 O-O 11. Qc2 Bc5+ 12. Kh1 e5 13. f4 Bd4 14. f5 Bxc3 15. bxc3 c5 16. Bg5 Qc6 17. Bf3 b6 18. Rad1 Bb7 19. Rfe1 Rad8 20. Rd5 Qc7 21. Bxf6 1/2-1/2

[Event "OLNN 2223 SV Bad Schwartau - Hamburger"]
[Site "?"]
[Date "2022.11.27"]
[Round "2.5"]
[White "Kotyk, Michael"]
[Black "Sallandt, Frido"]
[Result "1-0"]
[WhiteElo "2081"]
[BlackElo "1756"]
[PlyCount "71"]
[EventDate "2022.??.??"]

1. d4 Nf6 2. c4 e6 3. Nc3 d5 4. cxd5 exd5 5. Bg5 Be7 6. e3 h6 7. Bf4 c6 8. Bd3 O-O 9. h3 Nbd7 10. Qc2 Re8 11. Nf3 Nf8 12. O-O-O Bd6 13. Ne5 Qe7 14. Bh2 c5 15. f4 c4 16. Be2 Bb4 17. Bf3 Bxc3 18. bxc3 Qa3+ 19. Kd2 Ng6 20. Rb1 Nh4 21. Qb2 Nxf3+ 22. gxf3 Qa5 23. Qc2 Qc7 24. Rhg1 b6 25. f5 Qe7 26. Bf4 Kf8 27. Rg6 Nh5 28. f6 Nxf6 29. Rbg1 Nh5 30. Rxh6 Qh4 31. Nd7+ Ke7 32. Bg5+ Qxg5 33. Rxg5 gxh6 34. Re5+ Kd8 35. Rxd5 Kc7 36. Qf5 1-0

[Event "OLNN 2223 SV Bad Schwartau - Hamburger"]
[Site "?"]
[Date "2022.11.27"]
[Round "2.6"]
[White "Schwarz, Oliver"]
[Black "Brinkmann, Fabian"]
[Result "1/2-1/2"]
[WhiteElo "2103"]
[BlackElo "2144"]
[PlyCount "45"]
[EventDate "2022.??.??"]

1. d4 d5 2. c4 c6 3. cxd5 cxd5 4. Nc3 Nf6 5. Bf4 e6 6. Nf3 Be7 7. e3 O-O 8. Bd3 Bd7 9. O-O Qb6 10. Qe2 Rc8 11. Rfc1 Qd8 12. h3 Nc6 13. Ne5 Be8 14. Nxc6 Rxc6 15. Rc2 a6 16. a3 Rac8 17. Rac1 Bd6 18. Bxd6 Qxd6 19. Na4 Rxc2 20. Rxc2 Rxc2 21. Qxc2 Bxa4 22. Qxa4 Qc7 23. Qc2 1/2-1/2

[Event "OLNN 2223 SV Bad Schwartau - Hamburger"]
[Site "?"]
[Date "2022.11.27"]
[Round "2.7"]
[White "Zieher, Hartmut"]
[Black "Mueller, Friedrich"]
[Result "1-0"]
[WhiteElo "2093"]
[BlackElo "1953"]
[PlyCount "63"]
[EventDate "2022.??.??"]

1. e4 e5 2. Nf3 Nc6 3. Bb5 a6 4. Ba4 Nf6 5. O-O b5 6. Bb3 Be7 7. Re1 d6 8. c3 O-O 9. h3 h6 10. a4 Bb7 11. d3 Na5 12. Bc2 c5 13. Nbd2 Re8 14. Nf1 Bf8 15. Ng3 Nc6 16. Nf5 Ne7 17. N3h4 Nxf5 18. Nxf5 Bc8 19. Qf3 Bxf5 20. Qxf5 Qd7 21. Qf3 Be7 22. Be3 b4 23. cxb4 cxb4 24. Bb3 Rf8 25. Bc4 Bd8 26. a5 Bc7 27. Bxh6 gxh6 28. Qxf6 Kh7 29. d4 Bd8 30. Qf3 f6 31. dxe5 fxe5 32. Qxf8 1-0

[Event "OLNN 2223 SV Bad Schwartau - Hamburger"]
[Site "?"]
[Date "2022.11.27"]
[Round "2.8"]
[White "Simon, Christopher"]
[Black "Schumacher, Norbert"]
[Result "1/2-1/2"]
[WhiteElo "1960"]
[BlackElo "2137"]
[PlyCount "83"]
[EventDate "2022.??.??"]

1. e4 c5 2. Nc3 Nc6 3. Nge2 g6 4. g3 Bg7 5. Bg2 e6 6. O-O Nge7 7. d3 O-O 8. Be3 Nd4 9. f4 d6 10. Rb1 Nec6 11. a3 a5 12. Qd2 Rb8 13. Nd1 Bd7 14. Nxd4 cxd4 15. Bf2 a4 16. g4 f5 17. g5 Qc7 18. Bg3 Ne7 19. Nf2 Rfc8 20. Rfc1 Qc5 21. Bf3 b5 22. Nh3 e5 23. Kg2 b4 24. axb4 Rxb4 25. c3 dxc3 26. Rxc3 Qb6 27. Rxc8+ Bxc8 28. fxe5 dxe5 29. Qc3 Be6 30. Bf2 Qb8 31. Qc5 Kf7 32. Qa5 f4 33. Ng1 Bf8 34. Ne2 Nc6 35. Qa6 Nd4 36. Nxd4 exd4 37. Ra1 Be7 38. Rxa4 Rxb2 39. Qc6 Qe5 40. h4 h6 41. Ra8 Rb8 42. Rxb8 1/2-1/2

[Event "OLNN 2223 SF Schwerin - SC Königssprin"]
[Site "?"]
[Date "2022.11.27"]
[Round "2.2"]
[White "Weyrich, Morten"]
[Black "Weber, Max"]
[Result "1/2-1/2"]
[WhiteElo "2293"]
[BlackElo "2269"]
[PlyCount "48"]
[EventDate "2022.??.??"]

1. c4 e6 2. g3 d5 3. Bg2 Nf6 4. Nf3 dxc4 5. Qa4+ c6 6. Qxc4 b5 7. Qc2 Bb7 8. b3 c5 9. Bb2 Nbd7 10. O-O Be7 11. a4 a6 12. axb5 axb5 13. Rxa8 Bxa8 14. Nc3 Qb8 15. Ra1 O-O 16. Ne1 Bxg2 17. Nxg2 Rc8 18. Ne3 Bd8 19. Ne4 Nd5 20. Qd3 Ne5 21. Bxe5 Qxe5 22. Rc1 Be7 23. Nc3 Nxc3 24. dxc3 Rb8 1/2-1/2

[Event "OLNN 2223 SF Schwerin - SC Königssprin"]
[Site "?"]
[Date "2022.11.27"]
[Round "2.4"]
[White "Wagner, Ralph"]
[Black "Borgmeyer, Max"]
[Result "1/2-1/2"]
[WhiteElo "2124"]
[BlackElo "2201"]
[PlyCount "36"]
[EventDate "2022.??.??"]

1. d4 Nf6 2. c4 e6 3. Nc3 Bb4 4. Qc2 d5 5. a3 Bxc3+ 6. Qxc3 h6 7. e3 b6 8. Nf3 Ba6 9. b4 O-O 10. Bb2 Nbd7 11. Bd3 dxc4 12. Bxc4 Bxc4 13. Qxc4 c5 14. dxc5 bxc5 15. O-O Rc8 16. Rfd1 cxb4 17. Qxb4 Rb8 18. Qd4 Qb6 1/2-1/2

[Event "OLNN 2223 SF Schwerin - SC Königssprin"]
[Site "?"]
[Date "2022.11.27"]
[Round "2.5"]
[White "Hloskovsky, Andrei"]
[Black "Wandel, Bernd"]
[Result "1/2-1/2"]
[WhiteElo "2067"]
[BlackElo "2056"]
[PlyCount "82"]
[EventDate "2022.??.??"]

1. e4 c6 2. Nc3 d5 3. Qe2 dxe4 4. Nxe4 Nf6 5. Nxf6+ gxf6 6. g3 Bf5 7. d3 e6 8. Bg2 Bg7 9. h4 h5 10. Bf3 Bg6 11. Nh3 Nd7 12. Nf4 Ne5 13. Bd2 Nxf3+ 14. Qxf3 e5 15. Nxg6 fxg6 16. O-O-O Qd5 17. Qe4 Kf7 18. Kb1 Rhd8 19. f3 Rd7 20. Qe2 c5 21. g4 Rh8 22. f4 exf4 23. gxh5 Qxh5 24. Qe4 Qd5 25. Qxf4 Bh6 26. Qf1 Bxd2 27. Rxd2 Re7 28. Rf2 Re6 29. Qc1 b5 30. Rff1 Rh5 31. Qf4 Rhe5 32. a3 Rf5 33. Qh6 Rh5 34. Qf4 Qe5 35. Qf3 Rb6 36. Re1 Qd5 37. Qg3 Qd6 38. Qe3 Re5 39. Qh6 Rh5 40. Qe3 Re5 41. Qh6 Rh5 1/2-1/2

[Event "OLNN 2223 SF Schwerin - SC Königssprin"]
[Site "?"]
[Date "2022.11.27"]
[Round "2.6"]
[White "Schulz, Karsten"]
[Black "Raider, Eugen"]
[Result "1-0"]
[WhiteElo "2262"]
[BlackElo "2027"]
[PlyCount "89"]
[EventDate "2022.??.??"]

1. c4 e6 2. Nf3 g5 3. Nc3 g4 4. Ng1 h5 5. d4 Nc6 6. Bf4 Bg7 7. e3 d6 8. h3 e5 9. dxe5 Nxe5 10. Be2 Nh6 11. Qd2 Be6 12. hxg4 hxg4 13. e4 g3 14. Bxg3 Nxc4 15. Bxc4 Bxc4 16. Nf3 Qe7 17. Nd4 O-O-O 18. O-O-O a6 19. Bh4 Bf6 20. Qf4 Bxh4 21. Rxh4 Qe5 22. b3 c5 23. Qxe5 dxe5 24. Nf3 Rxd1+ 25. Nxd1 Be2 26. Nxe5 Re8 27. Rxh6 Rxe5 28. f3 Kd7 29. Ne3 Bb5 30. Kd2 Bc6 31. Nc4 Rg5 32. g4 b5 33. Na5 Rg6 34. Rxg6 fxg6 35. Nxc6 Kxc6 36. f4 Kd6 37. Ke3 Ke6 38. g5 Kd6 39. f5 gxf5 40. exf5 a5 41. g6 Ke7 42. Ke4 c4 43. bxc4 b4 44. Kd3 a4 45. Kc2 1-0

[Event "OLNN 2223 SF Schwerin - SC Königssprin"]
[Site "?"]
[Date "2022.11.27"]
[Round "2.7"]
[White "Khalaf, Ayman"]
[Black "Rossmann, Helmut"]
[Result "1-0"]
[WhiteElo "1791"]
[BlackElo "2264"]
[PlyCount "113"]
[EventDate "2022.??.??"]

1. d4 d5 2. c4 e6 3. Nc3 Nf6 4. Bg5 Be7 5. e3 O-O 6. Nf3 h6 7. Bh4 Ne4 8. Bxe7 Qxe7 9. cxd5 Nxc3 10. bxc3 exd5 11. Be2 Bf5 12. O-O c6 13. Qb3 b6 14. Ne5 Kh8 15. Bh5 f6 16. Ng6+ Bxg6 17. Bxg6 f5 18. Bh5 Nd7 19. c4 Nf6 20. Bf3 Ne4 21. Rfd1 Ng5 22. cxd5 Nxf3+ 23. gxf3 Qg5+ 24. Kf1 f4 25. e4 cxd5 26. e5 Qd8 27. Rac1 Qd7 28. Rc3 Rac8 29. Rdc1 Rxc3 30. Rxc3 Rd8 31. Ke2 Qb7 32. a4 Kg8 33. Qb5 Kf8 34. a5 Qd7 35. Qxd7 Rxd7 36. Rc8+ Ke7 37. a6 Rd8 38. Rc7+ Rd7 39. Rb7 Kd8 40. Kd3 Rc7 41. h4 h5 42. Kd2 Kc8 43. Rxc7+ Kxc7 44. Kc3 Kd7 45. Kb4 g5 46. hxg5 h4 47. g6 Ke6 48. g7 Kf7 49. Kb5 h3 50. Kc6 Kxg7 51. e6 h2 52. e7 h1=Q 53. e8=Q Qxf3 54. Qe7+ Kg6 55. Qxa7 Qxf2 56. Qxb6 Qa2 57. a7 1-0

[Event "OLNN 2223 SF Schwerin - SC Königssprin"]
[Site "?"]
[Date "2022.11.27"]
[Round "2.8"]
[White "Helms, Sven"]
[Black "Cremer, Jochen"]
[Result "1/2-1/2"]
[WhiteElo "1940"]
[BlackElo "2095"]
[PlyCount "31"]
[EventDate "2022.??.??"]

1. e4 c5 2. d4 cxd4 3. c3 Nf6 4. e5 Nd5 5. cxd4 d6 6. Nf3 e6 7. Bb5+ Bd7 8. Bxd7+ Nxd7 9. O-O dxe5 10. dxe5 Be7 11. Qb3 Qb6 12. Nc3 Qxb3 13. axb3 Nxc3 14. bxc3 a6 15. Be3 Rc8 16. Bd4 1/2-1/2

[Event "OLNN 2223 Schachfreunde HH - Preetzer T"]
[Site "?"]
[Date "2022.11.27"]
[Round "2.1"]
[White "Pedersen, Steffen"]
[Black "Ritscher, Jan-Paul"]
[Result "1/2-1/2"]
[WhiteElo "2345"]
[BlackElo "2270"]
[PlyCount "43"]
[EventDate "2022.??.??"]

1. d4 d5 2. c4 e6 3. Nf3 Nf6 4. Nc3 a6 5. cxd5 exd5 6. Bg5 Be7 7. e3 O-O 8. Bd3 Be6 9. h3 Nbd7 10. Bf4 c5 11. dxc5 Nxc5 12. O-O Qb6 13. Be5 Nxd3 14. Qxd3 h6 15. b3 Rac8 16. Ne2 Nd7 17. Bb2 Bf6 18. Nfd4 Nc5 19. Qd1 Ne4 20. Qd3 Nc5 21. Qd1 Ne4 22. Qd3 1/2-1/2

[Event "OLNN 2223 Schachfreunde HH - Preetzer T"]
[Site "?"]
[Date "2022.11.27"]
[Round "2.2"]
[White "Hermesmann, Hans"]
[Black "Moeller, Dustin"]
[Result "1/2-1/2"]
[WhiteElo "2212"]
[BlackElo "2236"]
[PlyCount "125"]
[EventDate "2022.??.??"]

1. d4 d5 2. c4 e6 3. Nc3 Nf6 4. cxd5 exd5 5. Bg5 c6 6. Qc2 h6 7. Bh4 Be7 8. e3 O-O 9. Bd3 Re8 10. Nge2 Nbd7 11. f3 b5 12. O-O a5 13. Bf2 Ba6 14. Rad1 Qb6 15. Rfe1 Bf8 16. Bf5 Rad8 17. Nf4 Bd6 18. Bg3 Qb8 19. Qd2 Nb6 20. b3 b4 21. Nce2 Re7 22. Nd3 Bxd3 23. Bxd3 Rde8 24. Bxd6 Qxd6 25. Ng3 g6 26. Rc1 Nbd7 27. Nf1 h5 28. Rc2 c5 29. Bb5 Rb8 30. Bxd7 Nxd7 31. dxc5 Nxc5 32. Rec1 Ne6 33. Qd3 Qe5 34. f4 Qe4 35. Qxe4 dxe4 36. Nd2 f5 37. Nc4 Rb5 38. Ne5 g5 39. g3 h4 40. Rc8+ Kh7 41. Rd1 gxf4 42. exf4 h3 43. Kf2 Rbb7 44. Rd6 a4 45. Ke3 axb3 46. axb3 Rbc7 47. Rxe6 Rxc8 48. Rxe7+ Kg8 49. Nc4 Rd8 50. Nd2 Rd3+ 51. Ke2 Rxg3 52. Nf1 Rxb3 53. Rd7 Rf3 54. Rb7 Rxf4 55. Rxb4 Rg4 56. Rb3 Rg2+ 57. Ke1 f4 58. Rxh3 Ra2 59. Rh4 Ra1+ 60. Kf2 Ra2+ 61. Ke1 Ra1+ 62. Kf2 Ra2+ 63. Ke1 1/2-1/2

[Event "OLNN 2223 Schachfreunde HH - Preetzer T"]
[Site "?"]
[Date "2022.11.27"]
[Round "2.3"]
[White "Schwarz, Frank"]
[Black "Andersen, Jens Knud"]
[Result "1-0"]
[WhiteElo "2205"]
[BlackElo "2176"]
[PlyCount "77"]
[EventDate "2022.??.??"]

1. e4 c5 2. Nc3 a6 3. a4 e6 4. g3 Nc6 5. Bg2 Nf6 6. d3 Be7 7. Nge2 O-O 8. O-O Rb8 9. h3 b5 10. axb5 axb5 11. Be3 d6 12. b3 b4 13. Na4 e5 14. f4 Nd4 15. Nxd4 exd4 16. Bd2 h6 17. Qe2 Re8 18. Nb2 Bb7 19. Ra7 Qb6 20. Rfa1 Bf8 21. Qd1 d5 22. e5 Nh7 23. R1a5 Ra8 24. Qa1 Rxa7 25. Rxa7 f6 26. Nc4 Qb5 27. Qa5 Qxa5 28. Nxa5 Bc8 29. Bxd5+ Be6 30. Bxe6+ Rxe6 31. Nc4 fxe5 32. fxe5 Ng5 33. Bxg5 hxg5 34. Kf2 Rh6 35. Kf3 Re6 36. Ke4 g6 37. Kd5 Re8 38. Nd6 Rd8 39. Rc7 1-0

[Event "OLNN 2223 Schachfreunde HH - Preetzer T"]
[Site "?"]
[Date "2022.11.27"]
[Round "2.4"]
[White "Bokelbrink, Uwe"]
[Black "Skaanning-Pedersen, Kim Henrik"]
[Result "0-1"]
[WhiteElo "2245"]
[BlackElo "2254"]
[PlyCount "76"]
[EventDate "2022.??.??"]

1. e4 d6 2. Nc3 Nf6 3. g3 c5 4. Bg2 g6 5. d3 Bg7 6. f4 Nc6 7. Nf3 Rb8 8. O-O O-O 9. h3 b5 10. Be3 b4 11. Ne2 Nd7 12. c3 bxc3 13. bxc3 Qa5 14. Qc2 Ba6 15. a4 Rb7 16. Ra2 Rfb8 17. g4 Rb3 18. Nd2 R3b7 19. e5 Qc7 20. Ne4 dxe5 21. f5 c4 22. d4 exd4 23. Nxd4 Nxd4 24. cxd4 Rb3 25. Qf2 Qb6 26. a5 Qb5 27. Ng5 Nf6 28. fxg6 hxg6 29. Bf4 Rb7 30. Be5 Rb1 31. Qh4 Rxf1+ 32. Bxf1 Qb1 33. Rf2 c3 34. Rxf6 exf6 35. Qh7+ Kf8 36. Bd6+ Re7 37. Ne6+ fxe6 38. Bxe7+ Kf7 0-1

[Event "OLNN 2223 Schachfreunde HH - Preetzer T"]
[Site "?"]
[Date "2022.11.27"]
[Round "2.5"]
[White "Skibbe, Willi"]
[Black "Zimmermann, Martin"]
[Result "1/2-1/2"]
[WhiteElo "2190"]
[BlackElo "2144"]
[PlyCount "174"]
[EventDate "2022.??.??"]

1. c4 Nf6 2. Nf3 e6 3. g3 d5 4. Bg2 Be7 5. d4 O-O 6. O-O Nbd7 7. Qc2 Ne4 8. Nc3 Nxc3 9. Qxc3 Nf6 10. Bg5 Ne4 11. Bxe7 Qxe7 12. Qc2 c6 13. Ne5 f6 14. Nd3 Nd6 15. b3 Bd7 16. a4 Be8 17. c5 Nf5 18. Qb2 g5 19. Rfe1 Bg6 20. Rad1 Qd7 21. e3 Ne7 22. e4 dxe4 23. Bxe4 Rad8 24. Qe2 Nf5 25. Bxf5 Bxf5 26. Nb2 g4 27. Nc4 Qd5 28. b4 Rfe8 29. Nd6 Re7 30. b5 h5 31. Qe3 Kg7 32. Qf4 Bg6 33. Rd2 a6 34. bxa6 bxa6 35. Rb2 e5 36. dxe5 Rxe5 37. Rxe5 fxe5 38. Rb7+ Kg8 39. Qc1 Rf8 40. Qc4 Qxc4 41. Nxc4 Bc2 42. a5 e4 43. Nd6 Rf3 44. Rb6 Rc3 45. Rxc6 Bd3 46. Rc8+ Kh7 47. h3 Rc1+ 48. Kh2 Be2 49. Nxe4 Kg6 50. Nd2 Rc2 51. c6 gxh3 52. c7 Bg4 53. Rd8 Rxc7 54. Rd6+ Kg7 55. Rxa6 Rc2 56. Rd6 Ra2 57. a6 Bc8 58. Ne4 Bxa6 59. Kxh3 Bf1+ 60. Kh2 Ra4 61. Nc5 Rb4 62. Ne6+ Kg8 63. Rd8+ Kh7 64. Rd7+ Kh6 65. Nf8 Rb2 66. Kg1 Bh3 67. Rd6+ Kg7 68. Ne6+ Kf7 69. Ng5+ Ke7 70. Rh6 Bg4 71. Kg2 Rb5 72. Nh3 Rb2 73. Nf4 Rb5 74. Ra6 Kf7 75. Ra2 Rb3 76. Ra5 Bf3+ 77. Kh3 Rb2 78. Nd3 Bg4+ 79. Kh4 Rd2 80. Ne5+ Kf6 81. Nxg4+ hxg4 82. Kxg4 Rxf2 83. Ra6+ Kg7 84. Kg5 Rf7 85. g4 Rb7 86. Kh5 Rb5+ 87. g5 Rb7 1/2-1/2

[Event "OLNN 2223 Schachfreunde HH - Preetzer T"]
[Site "?"]
[Date "2022.11.27"]
[Round "2.6"]
[White "Mix, Clemens"]
[Black "Light, Bjarne"]
[Result "1/2-1/2"]
[WhiteElo "2026"]
[BlackElo "2190"]
[PlyCount "207"]
[EventDate "2022.??.??"]

1. d4 e6 2. c4 f5 3. g3 Nf6 4. Bg2 Be7 5. Nf3 d6 6. O-O O-O 7. b3 Qe8 8. Bb2 Bd8 9. Nc3 Nbd7 10. Qc2 Qh5 11. Rae1 e5 12. dxe5 dxe5 13. Nd5 c6 14. Nxf6+ Rxf6 15. Nxe5 Nxe5 16. Bxe5 Rh6 17. h4 g5 18. Qd2 Be6 19. Bf3 g4 20. Bf4 Rg6 21. Bg2 Bb6 22. Qc3 Rf8 23. Rd1 Bd8 24. e3 Bf6 25. Be5 Be7 26. Bd6 Bf6 27. Qa5 Ra8 28. e4 b6 29. Qd2 Rd8 30. Qf4 c5 31. exf5 Qxf5 32. Qxf5 Bxf5 33. Bd5+ Kg7 34. Bf4 h5 35. Rfe1 Kf8 36. Be5 Be7 37. Re3 Bd6 38. Bxd6+ Rgxd6 39. Rde1 b5 40. Re5 Bg6 41. Re7 Re8 42. Rxe8+ Bxe8 43. Re5 bxc4 44. bxc4 Ra6 45. Re2 Bg6 46. Re6 Rxe6 47. Bxe6 Ke7 48. Bd5 Kd6 49. Kg2 Ke5 50. f4+ Kd4 51. Kf2 a5 52. Be6 Be8 53. Ke2 Ke4 54. f5 Ke5 55. Ke3 Kf6 56. Ke4 Bc6+ 57. Bd5 Ba4 58. Be6 Bc6+ 59. Bd5 Ba4 60. Bb7 Bd1 61. Kf4 Ba4 62. Ba8 Bc2 63. Be4 Ba4 64. Bd5 Bd7 65. Be6 Bc6 66. a3 Be8 67. Ke4 Bc6+ 68. Bd5 Ba4 69. Bb7 Bd1 70. Ba6 Bf3+ 71. Kf4 Be2 72. Bb5 Bd3 73. Be8 Bxf5 74. Bxh5 Bd3 75. Bxg4 Bxc4 76. Bd1 Bd5 77. Bc2 Ba2 78. Ke4 Be6 79. Bd1 Ba2 80. Kd3 Ke5 81. Bf3 Bf7 82. Kc3 Be6 83. Bc6 Kf5 84. Bf3 Ke5 85. h5 Kf5 86. g4+ Kg5 87. Bd1 Bf7 88. Bb3 Be8 89. Be6 Bb5 90. Bf5 Ba6 91. Be6 Be2 92. Bd7 Bf1 93. Bc8 Be2 94. Bf5 Ba6 95. Bd3 Bc8 96. Bf5 Ba6 97. Bd7 Be2 98. a4 Kh6 99. Kd2 Ba6 100. Ke3 Kg5 101. Ke4 Bb7+ 102. Ke5 Bf3 103. Kd6 c4 104. Be6 1/2-1/2

[Event "OLNN 2223 Schachfreunde HH - Preetzer T"]
[Site "?"]
[Date "2022.11.27"]
[Round "2.7"]
[White "Willsch, Matthias"]
[Black "Gremmel, Jonas Simon"]
[Result "0-1"]
[WhiteElo "2110"]
[BlackElo "2041"]
[PlyCount "90"]
[EventDate "2022.??.??"]

1. Nf3 d5 2. g3 Nf6 3. Bg2 b6 4. O-O Bb7 5. d4 e6 6. c4 dxc4 7. Qa4+ Nbd7 8. Ne5 Bxg2 9. Kxg2 Bd6 10. Bg5 O-O 11. Nxc4 Be7 12. Nc3 c5 13. Rfd1 Qc7 14. Kg1 a6 15. Bf4 Qa7 16. Ne5 Nxe5 17. dxe5 b5 18. Qc2 Nd7 19. a4 b4 20. Ne4 Qc7 21. Nf6+ Bxf6 22. exf6 e5 23. fxg7 Rfe8 24. Be3 Re6 25. Qd3 Nf6 26. Rac1 Rc6 27. Rc4 e4 28. Qc2 Rc8 29. b3 Qe5 30. Bd4 Qf5 31. Bxf6 Rxf6 32. e3 Kxg7 33. Rd2 Re6 34. f4 a5 35. g4 Rg6 36. h3 h5 37. Qxe4 Qxe4 38. Rxe4 hxg4 39. f5 Rgc6 40. Rg2 Kf6 41. hxg4 c4 42. bxc4 Rxc4 43. Rd4 Rxd4 44. exd4 b3 45. Rd2 Rc2 0-1

[Event "OLNN 2223 Schachfreunde HH - Preetzer T"]
[Site "?"]
[Date "2022.11.27"]
[Round "2.8"]
[White "Kull, Florian"]
[Black "Dittmann, Hans-Adolf"]
[Result "1/2-1/2"]
[WhiteElo "2120"]
[BlackElo "2015"]
[PlyCount "56"]
[EventDate "2022.??.??"]

1. c4 Nf6 2. Nc3 e5 3. Nf3 Nc6 4. e3 Bb4 5. Qc2 d6 6. Nd5 Ba5 7. a3 Nxd5 8. cxd5 Ne7 9. Bc4 O-O 10. O-O Ng6 11. d4 Bg4 12. Be2 Bxf3 13. Bxf3 exd4 14. exd4 f5 15. Bd2 Bb6 16. Qd3 Qf6 17. Bc3 Nh4 18. Rae1 Rae8 19. Re6 Nxf3+ 20. Qxf3 Rxe6 21. dxe6 Qxe6 22. Qxb7 Re8 23. a4 Qc4 24. a5 Bxd4 25. Bxd4 Qxd4 26. Qxc7 Qxb2 27. Qxd6 Qe5 28. Qb4 Qe4 1/2-1/2

[Event "OLNN 2223 SC Diogenes - Lübecker SV"]
[Site "?"]
[Date "2022.11.27"]
[Round "2.1"]
[White "Kalinitschew, Sergey"]
[Black "Schulenburg, Fabian"]
[Result "0-1"]
[WhiteElo "2402"]
[BlackElo "2301"]
[PlyCount "134"]
[EventDate "2022.??.??"]

1. Nf3 d5 2. e3 Nf6 3. c4 dxc4 4. Bxc4 c5 5. O-O e6 6. b3 Nbd7 7. Bb2 b6 8. Nc3 Bb7 9. d4 cxd4 10. Nxd4 a6 11. Rc1 Qb8 12. f4 Bd6 13. Rc2 O-O 14. Rd2 Bc5 15. Kh1 Re8 16. e4 b5 17. Nxe6 fxe6 18. Nxb5 axb5 19. Bxb5 Bxe4 20. Bxd7 Re7 21. Ba4 Qb7 22. Qe2 h6 23. f5 Bb4 24. Rd4 exf5 25. Qc4+ Kh7 26. Qxb4 Bxg2+ 27. Kg1 Qxb4 28. Rxb4 Bxf1 29. Kxf1 Nd5 30. Rd4 Ne3+ 31. Kg1 Ng4 32. Rd2 f4 33. Kg2 Ne3+ 34. Kf3 g5 35. Bf6 g4+ 36. Kf2 Rf7 37. Bc6 Rxa2 38. Be4+ Kg8 39. Rxa2 Rxf6 40. Ra8+ Kg7 41. b4 Re6 42. Bd3 Rd6 43. Be2 h5 44. b5 Nd5 45. Rc8 Kf6 46. h4 Ke5 47. Rc5 Kf6 48. Bc4 Ne3 49. Be2 Nf5 50. Rc4 f3 51. Bxf3 gxf3 52. Rb4 Rb6 53. Kxf3 Rxb5 54. Re4 Rb3+ 55. Kg2 Rg3+ 56. Kf2 Rg4 57. Re8 Nxh4 58. Rh8 Kg5 59. Rh7 Rg2+ 60. Kf1 Ra2 61. Rg7+ Ng6 62. Rh7 Nf4 63. Kg1 Kg4 64. Rg7+ Kf3 65. Rh7 Rg2+ 66. Kh1 Rg4 67. Kh2 Kf2 0-1

[Event "OLNN 2223 SC Diogenes - Lübecker SV"]
[Site "?"]
[Date "2022.11.27"]
[Round "2.2"]
[White "Hochgraefe, Markus"]
[Black "Schmidt, Harald"]
[Result "0-1"]
[WhiteElo "2380"]
[BlackElo "2340"]
[PlyCount "80"]
[EventDate "2022.??.??"]

1. Nf3 Nf6 2. c4 c5 3. Nc3 Nc6 4. g3 g6 5. d4 cxd4 6. Nxd4 Bg7 7. Bg2 O-O 8. O-O d6 9. Nc2 Qa5 10. Bd2 Qh5 11. e4 Qxd1 12. Raxd1 Bd7 13. b3 Rfc8 14. h3 Rab8 15. Rfe1 Ne8 16. f4 Nd4 17. Nb4 e6 18. e5 dxe5 19. fxe5 a5 20. Nd3 a4 21. Re4 Nf5 22. g4 Nh4 23. Bh1 h6 24. Be1 g5 25. Bxh4 gxh4 26. Rd4 axb3 27. axb3 Bc6 28. Bxc6 bxc6 29. b4 Nc7 30. Ne4 Na6 31. c5 Nc7 32. Rd7 Nd5 33. Nd6 Rf8 34. Rb1 Ra8 35. Rb3 Ra1+ 36. Kg2 f6 37. exf6 Bxf6 38. Ne4 Bd4 39. Ndf2 Ne3+ 40. Rxe3 Bxe3 0-1

[Event "OLNN 2223 SC Diogenes - Lübecker SV"]
[Site "?"]
[Date "2022.11.27"]
[Round "2.3"]
[White "Bornholdt, Joa Max"]
[Black "Schulenburg, Torben"]
[Result "1-0"]
[WhiteElo "2288"]
[BlackElo "2222"]
[PlyCount "205"]
[EventDate "2022.??.??"]

1. d4 Nf6 2. c4 g6 3. f3 c5 4. d5 e6 5. Nc3 exd5 6. cxd5 d6 7. e4 Bg7 8. Nge2 O-O 9. Ng3 Na6 10. Be2 Nc7 11. O-O Rb8 12. a4 a6 13. f4 b5 14. axb5 Nxb5 15. e5 Nxc3 16. bxc3 dxe5 17. fxe5 Nxd5 18. Bc4 Be6 19. Qf3 Nc7 20. Rd1 Qh4 21. Bxe6 Nxe6 22. Qe4 Qxe4 23. Nxe4 Bxe5 24. Bh6 Rfd8 25. Rxd8+ Rxd8 26. Rxa6 Bg7 27. Be3 h5 28. Rc6 Bxc3 29. Nxc3 Rd3 30. Rc8+ Kh7 31. Bc1 g5 32. Ne2 h4 33. Kf2 Kg6 34. Be3 Rd5 35. Kf3 Kf5 36. Nc3 Rd3 37. Na4 g4+ 38. Ke2 Ra3 39. Nxc5 Ra2+ 40. Kf1 Ra1+ 41. Kf2 Ra2+ 42. Kf1 Ra1+ 43. Ke2 Ra2+ 44. Bd2 Nf4+ 45. Kd1 Ra1+ 46. Bc1 Nxg2 47. Nd3 Ke4 48. Ke2 Ra2+ 49. Bd2 f5 50. Re8+ Kd4 51. Rb8 h3 52. Rb5 Nh4 53. Nc1 Ra8 54. Be3+ Ke4 55. Nb3 Nf3 56. Nc5+ Kd5 57. Nd3+ Ke6 58. Rb6+ Kf7 59. Bf4 Nd4+ 60. Ke3 Ne6 61. Be5 Ra3 62. Bd6 Ra2 63. Nf4 Ra4 64. Bb4 Nxf4 65. Kxf4 Ra2 66. Kxf5 Rf2+ 67. Kxg4 Rxh2 68. Bd6 Rh1 69. Rb2 Ke6 70. Bh2 Kd5 71. Re2 Rf1 72. Kxh3 Rf7 73. Kg4 Rf8 74. Bf4 Rf7 75. Kf3 Rd7 76. Re1 Rb7 77. Rd1+ Ke6 78. Rd6+ Kf5 79. Rd5+ Ke6 80. Re5+ Kf6 81. Ra5 Ke6 82. Bd2 Rc7 83. Ke4 Rc4+ 84. Kd3 Rh4 85. Be3 Rg4 86. Bd4 Rg8 87. Be5 Rg4 88. Ke3 Rc4 89. Bd4 Rc8 90. Ke4 Kd6 91. Be5+ Kc6 92. Kd4 Kb6 93. Ra1 Kc6 94. Ke4 Kd7 95. Kd5 Ke7 96. Ra7+ Kf8 97. Ke6 Kg8 98. Rg7+ Kf8 99. Rg1 Re8+ 100. Kf6 Rd8 101. Rh1 Kg8 102. Kg6 Rd6+ 103. Bf6 1-0

[Event "OLNN 2223 SC Diogenes - Lübecker SV"]
[Site "?"]
[Date "2022.11.27"]
[Round "2.4"]
[White "Mach, Holger"]
[Black "Christ, Ralf"]
[Result "1-0"]
[WhiteElo "2219"]
[BlackElo "2257"]
[PlyCount "79"]
[EventDate "2022.??.??"]

1. e4 e5 2. Nf3 Nc6 3. Bb5 a6 4. Ba4 Nf6 5. O-O Be7 6. Re1 b5 7. Bb3 d6 8. c3 O-O 9. h3 Na5 10. Bc2 c5 11. d4 Qc7 12. Nbd2 Bd7 13. Nf1 Nc4 14. Ng3 Rfe8 15. dxe5 dxe5 16. Nh2 Rad8 17. Qf3 Nd6 18. Bg5 Be6 19. Bxf6 Bxf6 20. Nh5 Qe7 21. Ng4 Bxg4 22. Qxg4 g6 23. a4 Bg5 24. Ng3 Bf4 25. axb5 axb5 26. Ra6 Ra8 27. Rxa8 Rxa8 28. Nf5 Qf6 29. Nxd6 Qxd6 30. Rd1 Qc6 31. g3 Bh6 32. Rd5 Bg7 33. Qd1 c4 34. Kg2 h5 35. Rd6 Qc5 36. Rd7 Ra7 37. b4 Qb6 38. Rd6 Qb7 39. Rd8+ Kh7 40. g4 1-0

[Event "OLNN 2223 SC Diogenes - Lübecker SV"]
[Site "?"]
[Date "2022.11.27"]
[Round "2.5"]
[White "Krause, Ullrich"]
[Black "Gottuk, Stefan"]
[Result "1/2-1/2"]
[WhiteElo "2191"]
[BlackElo "2156"]
[PlyCount "48"]
[EventDate "2022.??.??"]

1. Nf3 f5 2. g3 Nf6 3. Bg2 g6 4. b4 Bg7 5. Bb2 Na6 6. b5 Nc5 7. c4 a6 8. a4 axb5 9. axb5 Rxa1 10. Bxa1 c6 11. bxc6 bxc6 12. O-O O-O 13. d3 Qc7 14. Nc3 Ba6 15. Qc2 Rb8 16. Rb1 Rxb1+ 17. Qxb1 Ne8 18. Qb4 d6 19. Bb2 Qb7 20. Qxb7 Nxb7 21. Nd2 Nd8 22. Nb3 e6 23. Na4 Bxb2 24. Nxb2 c5 1/2-1/2

[Event "OLNN 2223 SC Diogenes - Lübecker SV"]
[Site "?"]
[Date "2022.11.27"]
[Round "2.6"]
[White "Kilic, Oguz"]
[Black "Ehrke, Michael"]
[Result "1/2-1/2"]
[WhiteElo "2052"]
[BlackElo "2172"]
[PlyCount "87"]
[EventDate "2022.??.??"]

1. e4 c6 2. Nc3 d5 3. d3 dxe4 4. Nxe4 Nf6 5. Bg5 Nxe4 6. dxe4 Qxd1+ 7. Rxd1 f6 8. Be3 e5 9. Bc4 Nd7 10. Ne2 Nc5 11. Ng3 g6 12. h4 h5 13. O-O Be6 14. Bxe6 Nxe6 15. Rd2 b6 16. Rfd1 Rd8 17. Rxd8+ Nxd8 18. c3 Rh7 19. f3 Rd7 20. Rxd7 Kxd7 21. Ne2 Ne6 22. b3 Bc5 23. Kf2 Kd6 24. g3 a5 25. Nc1 b5 26. Nd3 Bxe3+ 27. Kxe3 c5 28. Nb2 g5 29. hxg5 fxg5 30. Nd1 h4 31. Kf2 c4 32. bxc4 b4 33. cxb4 axb4 34. Ne3 Kc5 35. gxh4 gxh4 36. Nf5 Kxc4 37. Nxh4 Nf4 38. Ng2 Nd3+ 39. Kg3 Nc1 40. Ne3+ Kd3 41. Nd5 Nxa2 42. Nxb4+ Nxb4 43. f4 Kxe4 44. fxe5 1/2-1/2